Narrativa completa (Registro nro. 34135)

000 -LEADER
fixed length control field 01337cam a2200373 a 4500
001 - CONTROL NUMBER
control field .B41194378
003 - CONTROL NUMBER IDENTIFIER
control field BAB
005 - DATE AND TIME OF LATEST TRANSACTION
control field 20260402111522.0
008 - FIXED-LENGTH DATA ELEMENTS--GENERAL INFORMATION
fixed length control field 090120s2008 spc|||||r|||| 0|0 f cat c
017 ## - COPYRIGHT OR LEGAL DEPOSIT NUMBER
Copyright or legal deposit number DL B. 47394-2008
Assigning agency Biblioteca de Catalunya
020 ## - INTERNATIONAL STANDARD BOOK NUMBER
International Standard Book Number 9788429761863 (narrativa completa) (cart.)
020 ## - INTERNATIONAL STANDARD BOOK NUMBER
International Standard Book Number 9788429761870 (o.c.) (cart.)
020 ## - INTERNATIONAL STANDARD BOOK NUMBER
International Standard Book Number 9788429761511 (vol. 1) (cart.)
020 ## - INTERNATIONAL STANDARD BOOK NUMBER
International Standard Book Number 9788429761856 (vol. 2) (cart.)
029 ## - OTHER SYSTEM CONTROL NUMBER (OCLC)
OCLC library identifier 804197908
040 ## - CATALOGING SOURCE
Original cataloging agency ES-BaBC
Language of cataloging cat
Transcribing agency ES-BaBC
Modifying agency BAB
080 ## - UNIVERSAL DECIMAL CLASSIFICATION NUMBER
Universal Decimal Classification number 821.134.1'06-3
100 1# - MAIN ENTRY--PERSONAL NAME
Personal name Rodoreda, Mercè
Dates associated with a name 1908-1983
9 (RLIN) 227958
245 10 - TITLE STATEMENT
Title Narrativa completa
Statement of responsibility, etc. Mercè Rodoreda ; edició a cura de Carme Arnau
260 ## - PUBLICATION, DISTRIBUTION, ETC.
Place of publication, distribution, etc. Barcelona
Name of publisher, distributor, etc. Edicions 62
Date of publication, distribution, etc. 2008
300 ## - PHYSICAL DESCRIPTION
Extent 2 volums (XLVI, 1176; XXXII, 957 pàgines)
Dimensions 22 cm
336 ## - CONTENT TYPE
Content type term text
Content type code txt
Source rdacontent
337 ## - MEDIA TYPE
Media type term sense mediació
Media type code n
Source rdamedia
338 ## - CARRIER TYPE
Carrier type term volum
Carrier type code nc
Source rdacarrier
490 1# - SERIES STATEMENT
Series statement Biblioteca Clàssica Catalana
500 ## - GENERAL NOTE
General note Conté: 1. Novel·les ; 2. Contes i novel·les
500 ## - GENERAL NOTE
General note Cronologia
700 1# - ADDED ENTRY--PERSONAL NAME
Personal name Arnau, Carme
Dates associated with a name 1944-
Relator term editor literari
9 (RLIN) 170506
830 #0 - SERIES ADDED ENTRY--UNIFORM TITLE
Uniform title Biblioteca Clàssica Catalana (Edicions 62)
9 (RLIN) 170504
942 ## - ADDED ENTRY ELEMENTS (KOHA)
Suppress in OPAC -
Koha item type Llibres
Koha issues (borrowed), all copies 24
Source of classification or shelving scheme
Existencias
Withdrawn status Lost status Damaged status Not for loan Permanent Location Current Location Shelving location Date acquired Serial Enumeration / chronology Inventory number Total Checkouts Total Renewals Full call number Barcode Date last seen Date last checked out Price effective from Koha item type Checked out
    En bon estat Disponible per a préstec Biblioteca de l'Ateneu Barcelonès Biblioteca de l'Ateneu Barcelonès Biblioteca (Accés lliure) 2017-05-30 Vol. 2 330570 12 5 821.134.1'06-3 Rod 1005839572 2026-02-22 2026-01-25 2017-05-30 Llibres  
    En bon estat Disponible per a préstec Biblioteca de l'Ateneu Barcelonès Biblioteca de l'Ateneu Barcelonès Biblioteca (Accés lliure) 2017-05-30 Vol. 1 330569 12 4 821.134.1'06-3 Rod 1005839589 2026-04-02 2026-04-02 2017-05-30 Llibres 2026-05-05